00674cam a2200217Ma 450000500170000000800410001702000150005802000180007304000510009104100080014210000160015024500300016625000100019626000420020630000400024849000310028865000350031965000360035465000300039065000360042020180312142016.0140804s2002 sp a gr 000 j spa d a843488612X a9788434886124 aCO-BoUCMcRicardo NavarrodJose A. Gerenabspa0 aspa1 aRius, Roser10aMagia potagiacRoser Rius a3a ed aMadrid (España)bEdiciones SMc2002 a31 páginasbilustraciones a color0 aColección Pequeña Tina 7aLibros y lectura para niños  7aLiteratura infantil española  7aNiños en la literatura  7aCuentos ilustrados para niños